Applying Segmented Reporting for Controlling Purposes

Saved in:
Bibliographic Details
Main Author: Grančičová, Katarína, 1967-
Other Authors: Dubcová, Gabriela, 1968-
Format: Book Chapter
Language:English
Subjects:
Tags: Add Tag
No Tags, Be the first to tag this record!

MARC

LEADER 00000nla a2200000 4500
001 0228823
005 20240522135024.8
041 0 |a eng 
044 |a CZ 
245 1 0 |a Applying Segmented Reporting for Controlling Purposes  |c Katarína Grančičová, Gabriela Dubcová 
610 2 0 |a podnik 
610 2 0 |a výsledok hospodársky 
610 2 0 |a kontroling finančný 
610 2 0 |a reporting 
610 2 0 |a účtovníctvo 
610 2 0 |a zodpovednosť podniku spoločenská 
100 1 |a Grančičová, Katarína, 1967- 
700 1 |a Dubcová, Gabriela, 1968-